000 00664nam a22001817a 4500
082 _a808.1
_bKHA
100 _aAltaf Hussain Hali
245 _aMuqaddama‑e‑Sher o Shaairi/
_cHali, Altaf Hussain
260 _aLahore:
_bAl Faisal Publications,
_c2016.
300 _a196 p.
_c22cm.
563 _aHB.
650 _aUrdu Literature - Poetry - Critics.
_9129766
700 _a Dr. Ali Muhammad Khan / ڈاکٹر علی محمد خاں
_9129799
880 _6100-01\(3\r
_aالطاف حسین حالی
880 _6245-02\(03\r
_aمقدمہ شعر و شاعری
880 _6260-03\(03\r
_aلاہور
_b الفیصل پبلیکیشنز
942 _2ddc
_cBK
999 _c614333
_d614333